000 00339nam a2200133Ia 4500
008 240624s9999 xx 000 0 und d
041 _aeng
082 _a658.306 COU
100 _aCOURTIS JOHN
245 _aGETTING A BETTER JOB
260 _c2000
_aHyderabad
_bUniversities Press (India) Pvt.
300 _a75p. ; 21cm.
365 _cRS
_b25
999 _c19606
_d19606